Staff selection commission : (Record no. 169504)

MARC details
000 -LEADER
fixed length control field 00545nam a22001817a 4500
005 - DATE AND TIME OF LATEST TRANSACTION
control field 20191122101939.0
010 ## - LCCN (DPL NO)
LC control number ENG-126972
020 ## - INTERNATIONAL STANDARD BOOK NUMBER
International Standard Book Number 9788126567515
Terms of availability 229.00
035 ## - SYSTEM CONTROL NUMBER
System control number EN-110504
037 ## - SOURCE OF ACQUISITION
Source of stock number/acquisition DBAD/PUB
082 ## - DEWEY DECIMAL CLASSIFICATION NUMBER
Classification number 000
100 ## - MAIN ENTRY--PERSONAL NAME
Personal name Wiley
245 ## - TITLE STATEMENT
Title Staff selection commission :
Statement of responsibility, etc by Wiley
Remainder of title general awareness exam goalpost for SSC exams /
260 ## - PUBLICATION, DISTRIBUTION, ETC. (IMPRINT)
Place of publication, distribution, etc New Delhi
Name of publisher, distributor, etc Willey India
Date of publication, distribution, etc 2017
270 ## - ADDRESS
Address 4435-36-7, Ansari Road
City Daryaganj
Postal code 110002
300 ## - PHYSICAL DESCRIPTION
Extent viii;259p.
Dimensions 27cm(pbk)
942 ## - ADDED ENTRY ELEMENTS (KOHA)
Source of classification or shelving scheme Dewey Decimal Classification
Item type English Books
Classification part 000
Call number suffix WIL
Holdings
Withdrawn status Lost status Not for loan Collection code Home library Current library Date acquired Source of acquisition Cost, normal purchase price Full call number Barcode Copy number Cost, replacement price Koha item type
      Non-fiction Sarojini Nagar Sarojini Nagar 21/11/2019 DBAD/PUB 229.00 000 WIL EN-110504 1 229.00 English Books

© Delhi Public Library
Hit Counter
free hit counter